• 首页
  • 本馆介绍
  • 公告通知
  • 最新文献
  • 馆藏检索
  • 电子资源
  • 读者导购
  • 参考咨询
  • 我的图书馆
  • 登录
  • 详细信息显示
  • 放入我的书架
  • 预约/预借图书
  • 作者相关作品
  • 分类相关作品
  • 丛书相关作品
  • 出版社相关作品

书目信息

  • 表格格式
  • 工作单格式
  • 卡片格式
题名:
中国历史文献学
    
 
作者: 曾贻芬 , 崔文印 著
分册:  
出版信息: 北京   学苑出版社  2001
页数: 243页
开本: 20cm
丛书名: 学苑文丛
单 册:
中图分类: G257.35
科图分类:
主题词: 史学--文献学--历史--中国
电子资源:
ISBN: 7-80060-028-9
000 00652nam2 2200229 45
001 0408081425
005 20040808150313.8
010    @a7-80060-028-9@dCNY16.00
100    @a20040808d2001 km y0chiy0120 ea
101 0  @achi
105    @a z 000yy
200 1  @a中国历史文献学@AZhong Guo Li Shi Wen Xian Xue@f曾贻芬,崔文印著@FCeng Yi Fen,Cui Wen Yin Zhu
210    @a北京@c学苑出版社@d2001
215    @a243页@d20cm
225    @a学苑文丛
410    @12001 @a学苑文丛
606 0  @a史学@x文献学@x历史@y中国
690    @aG257.35@v4
701  0 @a曾贻芬@4著
701  0 @a崔文印@4著
801    @aCN@bTSTCL@c20040808
905    @b335230@dG257.35@e31@f1
    
    中国历史文献学/曾贻芬,崔文印著.-北京:学苑出版社,2001
    243页;20cm.-(学苑文丛)
    
    
    ISBN 7-80060-028-9:CNY16.00
    
●
相关链接 在E读中查询图书 在五车中查询图书 在当当中查询图书 在豆瓣中查询图书


正题名:中国历史文献学     索取号:G257.35/31         预约/预借

序号 登录号 条形码 馆藏地/架位号 状态 备注
1 0335230   203352308   第四借阅区/ [索取号:G257.35/31] 在馆    
欢迎您!
大连网信软件有限公司© 版权所有